International law of the resources of the sea
Contents: Coastal fishery jurisdiction; control of the high-seas fishery resources; special treatment of sendentary fisheries;...
Na minha lista:
| Autor principal: | |
|---|---|
| Formato: | Livro |
| Idioma: | Undetermined |
| Publicado em: |
Leyden
A. W. Sijthoff
1969
|
| Assuntos: | |
| Tags: |
Adicionar Tag
Sem tags, seja o primeiro a adicionar uma tag!
|
| Thư viện lưu trữ: | Trung tâm Học liệu Trường Đại học Cần Thơ |
|---|
| LEADER | 00675nam a2200193Ia 4500 | ||
|---|---|---|---|
| 001 | CTU_219265 | ||
| 008 | 210402s9999 xx 000 0 und d | ||
| 082 | |a 341.7 | ||
| 082 | |b O.22 | ||
| 100 | |a Oda, Shigeru | ||
| 245 | 0 | |a International law of the resources of the sea | |
| 245 | 0 | |c Shigeru Oda | |
| 260 | |a Leyden | ||
| 260 | |b A. W. Sijthoff | ||
| 260 | |c 1969 | ||
| 520 | |a Contents: Coastal fishery jurisdiction; control of the high-seas fishery resources; special treatment of sendentary fisheries;... | ||
| 650 | |a Bảo tồn tài nguyên biển,Marine resources conservation | ||
| 904 | |i Trúc | ||
| 980 | |a Trung tâm Học liệu Trường Đại học Cần Thơ | ||